Du thơ đất nước Việt Nam
Wedi'i Gadw mewn:
| Prif Awdur: | |
|---|---|
| Fformat: | Llyfr |
| Iaith: | Undetermined |
| Cyhoeddwyd: |
Cần Thơ
Đại học Cần Thơ
2017
|
| Pynciau: | |
| Tagiau: |
Ychwanegu Tag
Dim Tagiau, Byddwch y cyntaf i dagio'r cofnod hwn!
|
| Thư viện lưu trữ: | Trung tâm Học liệu Trường Đại học Cần Thơ |
|---|
| LEADER | 00558nam a2200193Ia 4500 | ||
|---|---|---|---|
| 001 | CTU_229696 | ||
| 008 | 210402s9999 xx 000 0 und d | ||
| 020 | |c 150000 | ||
| 082 | |a 895.9221 | ||
| 082 | |b V121 | ||
| 100 | |a Trương, Mỹ Vân | ||
| 245 | 0 | |a Du thơ đất nước Việt Nam | |
| 245 | 0 | |c Trương Mỹ Vân | |
| 260 | |a Cần Thơ | ||
| 260 | |b Đại học Cần Thơ | ||
| 260 | |c 2017 | ||
| 650 | |a Thơ Việt Nam,Vietnamese poetry | ||
| 910 | |b nthai | ||
| 980 | |a Trung tâm Học liệu Trường Đại học Cần Thơ | ||